00446nam a2200157 a 4500008004100000020001500041050001500056100002100071245007300092250001200165260003000177300002100207350000900228650003800237650001300275070216s2004 ||||||||||||||||| || u a0750650834 aTD 678 Sew aRead, Geoffrey F10aSewers: replacement and new constructioncedited by Geoffrey F. Read a1st ed. aAmsterdambElsevierc2004 axii, 574p.: ill. a0.00 aSEWERAGE--DESIGN AND CONSTRUCTION aSEWERAGE